Muslims of the Soviet East (Record no. 7375)

MARC details
000 -LEADER
fixed length control field 00624nam a2200241 a 4500
020 ## - INTERNATIONAL STANDARD BOOK NUMBER
ISBN
082 00 - DEWEY DECIMAL CLASSIFICATION NUMBER
Classification number 305.6297053
Author Cutter MRB
100 ## - MAIN ENTRY--AUTHOR NAME
Author name Muslim Religious Board,
245 ## - TITLE STATEMENT
Title Muslims of the Soviet East
260 ## - PUBLICATION, DISTRIBUTION, ETC. (IMPRINT)
Place of publication Khazakhstan
Name of publisher Muslims Religious Board
Year of publication 1982
300 ## - PHYSICAL DESCRIPTION
Number of Pages 19p
500 ## - GENERAL NOTE
General note includes index and biblioraphy
505 2# - FORMATTED CONTENTS NOTE
Formatted contents note Index, Bibliography
650 ## - SUBJECT ADDED ENTRY--TOPICAL TERM
Topical Term Muslims-Central Asia
942 ## - ADDED ENTRY ELEMENTS (KOHA)
Koha item type Books
700 1# -
-- Muslim Religious Board,
Holdings
Collection code Home library Current library Date acquired Cost, normal purchase price Full call number Accession Number Koha item type
  Henry Martyn Institute Library Henry Martyn Institute Library 03/27/2007 100.00 305.6297053 MRB 011189 Books
                   Copyright © 2026 | Henry Martyn Institute | Hyderabad | TS-500052 | INDIA | Implemented by hmi.edu.in
Hit-Count:

Powered by Koha